000 00703nam a22002533u 4500
001 DHIM2026022613090050
003 RU-10907106
005 20260323082956.0
007 tu
008 260226s2012 gau ||| |||| 00| 0bgeo d
020 _9978-9941-421-78-5
_a9789941421785
040 _aRU-10907106
_bger
_cRU-10907106
041 _ageo
100 1 _4aut
_aVasaże, Akaki
_968695
245 0 _ašexvedra stalint̕an
246 _aStalini
264 1 _aTbilisi
_bArtanuǰi
_c2012
300 _a128 Seiten
336 _2rdacontent
_aText
_btxt
337 _2rdamedia
_aOhne Hilfsmittel zu benutzen
_bn
338 _2rdacarrier
_aBand
_bnc
600 _aStalin, Josif Vissarionovič
942 _2z
_cMG
999 _c73838
_d73838